Billboard Year-End Top 100: 1993 - Statistics

General Stats
  • This quiz has been taken 24 times
  • The average score is 26 of 100
Answer Stats
Number Song Artist % Correct
1 I Will Always Love You Whitney Houston
100%
51 All that She Wants Ace of Base
62%
19 If Janet Jackson
57%
17 Show Me Love Robin S.
57%
50 What's Up 4 Non Blondes
57%
10 Informer Snow
52%
22 Runaway Train Soul Asylum
52%
4 That's the Way Love Goes Janet Jackson
52%
28 Two Princes Spin Doctors
52%
3 Can't Help Falling in Love UB40
48%
41 Come Undone Duran Duran
48%
30 I Have Nothing Whitney Houston
48%
31 Mr. Wendal Arrested Development
48%
34 Ordinary World Duran Duran
48%
6 Weak SWV
48%
82 What Is Love Haddaway
48%
2 Whoomp (There It Is) Tag Team
48%
13 Don't Walk Away Jade
43%
8 Dreamlover Mariah Carey
43%
5 Freak Me Silk
43%
29 Right Here SWV
43%
74 Again Janet Jackson
38%
18 A Whole New World Peabo Bryson and Regina Belle
38%
60 Cryin Aerosmith
38%
66 Deeper and Deeper Madonna
38%
39 I'm Every Woman Whitney Houston
38%
21 Love Is Vanessa Williams and Brian McKnight
38%
67 Rain Madonna
38%
36 I'd Do Anything for Love (But I Won't Do That) Meat Loaf
33%
25 Rhythm is a Dancer Snap!
33%
52 7 Prince and the New Power Generation
29%
46 Another Sad Love Song Toni Braxton
29%
69 Bad Boys Inner Circle
29%
57 Bed of Roses Bon Jovi
29%
45 Hip Hop Hooray Naughty by Nature
29%
43 I'd Die Without You P.M. Dawn
29%
42 I Don't Wanna Fight Tina Turner
29%
65 Insane in the Brain Cypress Hill
29%
11 Nuthin but a G Thang Dr. Dre
29%
58 Real Love Mary J Blige
29%
9 Rump Shaker Wreckx-n-Effect
29%
47 Will You Be There Michael Jackson
29%
97 Anniversary Tony! Toni! Tone!
24%
61 Cat's in the Cradle Ugly Kid Joe
24%
32 Have I Told You Lately Rod Stewart
24%
27 I'm Gonna Be (500 Miles) The Proclaimers
24%
94 Livin' on the Edge Aerosmith
24%
33 Saving Forever for You Shanice
24%
68 The Right Kind of Love Jeremy Jordan
24%
26 The River of Dreams Billy Joel
24%
62 What About Your Friends TLC
24%
72 Angel Jon Secada
19%
91 Break It Down Again Tears for Fears
19%
71 Do You Believe in Us Jon Secada
19%
87 Fields of Gold Sting
19%
73 Forever in Love Kenny G
19%
49 Good Enough Bobby Brown
19%
95 Hey Jealousy Gin Blossoms
19%
80 How Do You Talk to an Angel The Heights
19%
96 If I Ever Lose My Faith in You Sting
19%
35 If I Had No Loot Tony! Toni! Tone!
19%
23 I'll Never Get Over You (Getting Over Me) Expose
19%
20 I'm So Into You SWV
19%
14 Knockin da Boots H-Town
19%
15 Lately Jodeci
19%
38 Looking Through Patient Eyes P.M. Dawn
19%
92 Nothin' My Love Can't Fix Joey Lawrence
19%
70 That's What Love Can Do Boy Krazy
19%
76 When She Cries Restless Heart
19%
99 Can't Get Enough of Your Love Taylor Dayne
14%
48 Comforter Shai
14%
89 Faithful Go West
14%
59 Here We Go Again! Portrait
14%
64 Hey Mr. DJ Zhane
14%
7 If I Ever Fall in Love Shai
14%
78 It Was a Good Day Ice Cube
14%
79 More and More Captain Hollywood Project
14%
98 One Woman Jade
14%
37 Slam Onyx
14%
93 Three Little Pigs Green Jelly
14%
100 Two Steps Behind Def Leppard
14%
40 Baby I'm Yours Shai
10%
53 Dre Day Dr. Dre feat. Snoop Doggy Dogg
10%
84 Give It Up, Turn It Loose En Vogue
10%
12 In the Still of the Nite Boyz II Men
10%
54 One Last Cry Brian McKnight
10%
88 Ooh Child Dino
10%
83 To Love Somebody Michael Bolton
10%
44 Whoot, There It Is 95 South
10%
75 Boom! Shake the Room DJ Jazzy Jeff & The Fresh Prince
5%
24 Ditty Paperboy
5%
56 I Get Around 2pac
5%
63 I Got a Man Positive K
5%
55 Just Kickin It Xscape
5%
90 Reason to Believe Rod Stewart
5%
81 Rebirth of Slick (Cool Like Dat) Digable Planets
5%
85 Alright Kriss Kross
0%
86 Check Yo Self Ice Cube featuring Das EFX
0%
16 Dazzy Duks Duice
0%
77 Sweat (A La La La La Long) Inner Circle
0%
No matching quizzes found
Score Distribution
Percent of People with Each Score
Percentile by Number Answered
Your Score History
You have not taken this quiz